Responses for Show #3740 - Friday, December 1, 2000

Contestants

[<< previous game]

Doug Parker, a bartender from Washington, D.C.

Britt Galipault, a full-time mom from Parrish, Florida

Pat Grady, a computer analyst from Palatine, Illinois (whose 1-day cash winnings total $8,800)

[next game >>]

Jeopardy! Round responses

BOOKS OF THE BIBLE
(Alex: You have to identify the book of the Bible.)
TAKE A MICHIGANDER
NUTTY TV
CORPORATE AMERICA
IT'S JAMAICA
HEY "MON"!
    $100 1
Genesis

Pat
    $100 18
Tom Selleck

Britt
    $100 3
Hee Haw

Britt
    $100 4
Pepsi Cola

Pat
    $100 22
Kingston

Pat
    $100 10
Monarch

Britt
    $200 2
Exodus

Doug
    $200 24
Edsel Ford

Pat
    $200 8
Hazel

Pat
    $200 15
Rollerblade

Doug
    $200 23
English

Doug
    $200 11
Monsoon

Doug
    $300 5
Psalms

Britt
    $300 25
Kirk Gibson

Pat
    $300 9
(Pat: What is Merry Christmas, Charlie Brown?)

A Charlie Brown Christmas

PatDoug
    $300 19
UC-Berkeley

Triple Stumper
    $300 28
Red Stripe

Doug
    $300 12
Mongrel

Doug
    $400 6
Revelation

Pat
    $400 26
Thomas E. Dewey

Triple Stumper
    $400 16
Little House on the Prairie

Pat
    $400 20
(D: What is Halfprice.com?)
(P: What is Halfprice, Oregon?)

Half.com

PatDoug
Triple Stumper
    $400 29
Ian Fleming

Doug
    $400 13
the mongoose

Pat
    $600 7
(P: What is Daniel?)

Job

Pat
    $500 27
Casey Kasem

Pat
    $500 17
Mel Brooks

Pat
    $500 21
HMOs (Health Maintenance Organizations)

Britt
    $500 30
Greater Antilles

Doug
    $500 14
Monsignor

Britt

Scores at the first commercial break (after clue 16):

Pat Britt Doug
$700 $1,000 $1,200

Scores at the end of the Jeopardy! Round:

Pat Britt Doug
$1,900 $1,600 $2,200

Double Jeopardy! Round responses

MEXICAN HISTORY
SPORT-O-RAMA
PLAYS & PLAYWRIGHTS
HORNS
SOMETHING'S FISHY
CROSSWORD CLUES "E"
    $200 12
(D: Who were the Spaniards?)
(B: Who were the Inca?)

Aztecs

BrittDoug
Triple Stumper
    $200 6
(D: What is The Bob Hope Classic?)
(P: Who is Milton Berle?)

Jamie Farr (Klinger on "M*A*S*H")

PatDoug
Triple Stumper
    $200 18
(B: Who was Eugene O'Neill?)

Arthur Miller

Britt
Triple Stumper
    $200 11
(B: What is Africa?)

South America

BrittDoug
    $200 13
(B: What are koi?)

Goldfish

Britt
Triple Stumper
    $200 1
Emu

Britt
    $400 14
Constitution

Pat
    $400 7
man-to-man defense

Doug
    $400 19
"Crimes of the Heart"

Triple Stumper
    $400 25
A dilemma

Triple Stumper
    $400 21
Catfish

Triple Stumper
    $400 2
Excalibur

Britt
    $600 15
Spain

Doug
    $600 8
Acrobat

Triple Stumper
    $1,000 20
(B: What are "Equus" & ..."Bacchus?")
(Alex: No, but I like your way of thinking!)

"Equus" & "Amadeus"

Britt
    $600 26
Rhinoceros

Pat
    $600 22
Tuna

Britt
    $600 3
Earthquake

Pat
    $800 16
Subcomandante Marcos

Britt
    $800 9
Birmingham

Pat
    $800 27
hornswoggle

Pat
    $800 23
(with less than a minute to go...)

Sturgeon

Britt
    $800 4
Ecstasy

Pat
    $1,600 17
Porfirio Diaz

Britt
    $1000 10
Jim Kelly

Pat
    $1000 28
(buzzer sounds)

Hornbook

Pat
    $1000 24
(D: What is a widemouth bass?)

Walleye

Doug
Triple Stumper
    $1000 5
Earnest

Doug

Scores at the end of the Double Jeopardy! Round:

Pat Britt Doug
$7,700 $4,200 $3,000

[wagering suggestions for these scores]

Final Jeopardy! Round responses

SCIENCE
DougWho is Franklin?
$1,500
BrittWho is ?
$4,200
PatWho is Perrier
$701
Joseph Priestley

Final scores:

Pat Britt Doug
$6,999 $0 $1,500
2-day champion: $15,799 3rd place: Yahoo! Shopping Spree 2nd place: Trip to Sanibel Harbour Resort, Florida

Game dynamics:

Coryat scores:

Pat Britt Doug
$8,300 $4,600 $3,000
19 R,
4 W
(including 1 DD)
12 R
(including 1 DD),
5 W
(including 1 DD)
13 R,
4 W

Combined Coryat: $15,900

[game clues] [game scores] [suggest correction]

Game tape date: 2000-10-03
The J! Archive is created by fans, for fans. Scraping, republication, monetization, and malicious use prohibited; this site may use cookies and collect identifying information. See terms. The Jeopardy! game show and all elements thereof, including but not limited to copyright and trademark thereto, are the property of Jeopardy Productions, Inc. and are protected under law. This website is not affiliated with, sponsored by, or operated by Jeopardy Productions, Inc. Join the discussion at JBoard.tv.